000 00597nam a22001697a 4500
003 PILC
005 20250217142556.0
008 150604b xxu||||| |||| 00| 0 eng d
050 _aQA 76.5
_b.N278 2010
100 _aNatividad, Ian Fernandez.
245 _aPatient Dental information and billing system (PDIABS) of tagulalap dental clinic /
_cIan Fernandez Natividad.
260 _aLas PiƱas City :
_bSISC,
_c2010.
300 _avi, 49 pages :
_billustrations ;
_c28 cm.
500 _aIncludes bibliographical references and appendices.
650 _aManagement system.
942 _2lcc
_cTH
_kLOC
999 _c284732
_d284732